000 00564nam a2200181Ia 4500
008 090123s9999 xx 000 0 und d
082 _b21435
100 _aजोशी पि.जी.
245 _aअमेरिकेचा इतिहास
250 _a1
260 _bअभय प्रकाशन
_c1991
300 _a249
600 _aजोशी पि.जी.
630 _aअमेरिकेचा इतिहास
700 _aजोशी पि.जी.
730 _aअमेरिकेचा इतिहास
942 _cBOOK
999 _c59506
_d59506